[Event "Manchester November WGM Norm"]
[Site "Manchester, NH"]
[Date "2015.11.19"]
[Round "1"]
[White "Ghaderpour, Shayesteh"]
[Black "Gorti, Akshita"]
[Result "1-0"]
[WhiteElo "2198"]
[BlackElo "2186"]
[PlyCount "69"]
[EventDate "2015.11.19"]
[EventType "tourn"]
[EventRounds "10"]
[EventCountry "USA"]

1. e4 e6 2. d3 d5 3. Nd2 Nf6 4. Ngf3 Nc6 5. g3 dxe4 6. dxe4 e5 7. Bg2 Bc5 8.
O-O O-O 9. Qe2 a5 10. h3 b6 11. Rd1 Ba6 12. c4 Qe8 13. Nf1 h6 14. b3 Bd4 15.
Rb1 Qe6 16. Bb2 Bxb2 17. Rxb2 a4 18. Qe1 Rfd8 19. Rbd2 Rxd2 20. Rxd2 Na5 21.
Qb1 Bb7 22. Nh4 Qe7 23. Ne3 Qb4 24. Rb2 axb3 25. axb3 c6 26. Nhf5 Rd8 27. Qc2
Kh7 28. Kh2 g6 29. Nh4 Rd6 30. Nf3 Re6 31. Rb1 Ba6 32. Ne1 Nb7 33. Nd3 Qa3 34.
Qc3 Qf8 35. Ra1 1-0

[Event "Manchester November WGM Norm"]
[Site "Manchester, NH"]
[Date "2015.11.19"]
[Round "1"]
[White "Benderac, Ana"]
[Black "Vigoa Apecheche, Yanira"]
[Result "1/2-1/2"]
[WhiteElo "2235"]
[BlackElo "2245"]
[PlyCount "147"]
[EventDate "2015.11.19"]
[EventType "tourn"]
[EventRounds "10"]
[EventCountry "USA"]

1. d4 Nf6 2. Nc3 d5 3. Bg5 Nbd7 4. Nf3 h6 5. Bh4 e6 6. e3 Be7 7. Bd3 c5 8. O-O
O-O 9. Re1 c4 10. Bf1 Qb6 11. b3 Bb4 12. Na4 Qc6 13. c3 Bd6 14. b4 Ne4 15. Qc2
b6 16. Nb2 a5 17. b5 Qb7 18. a4 f5 19. Nd2 Qc7 20. Bg3 Nxg3 21. hxg3 Nf6 22. f4
Bd7 23. Nd1 Be8 24. Nf2 Bh5 25. Nf3 Qf7 26. Be2 Ra7 27. Qd1 Bg6 28. Ne5 Bxe5
29. fxe5 Ne4 30. Nxe4 fxe4 31. Rf1 Qe8 32. Rxf8+ Qxf8 33. Qd2 Rf7 34. Bg4 Bf5
35. Bh5 g6 36. Be2 h5 37. Rf1 Qh6 38. Bd1 g5 39. Rf2 g4 40. Rf4 Qf8 41. Qb2 Qe7
42. Qf2 Qa3 43. Qd2 Kg7 44. Qc2 Kg6 45. Qd2 Rh7 46. Qc2 Rh8 47. Qd2 Kg5 48. Rf1
Rh7 49. Qc2 Kg6 50. Qd2 Rh6 51. Qc2 Qe7 52. Qf2 Rh7 53. Qe1 Rh8 54. Qf2 Qa3 55.
Qd2 Kf7 56. Qc2 Ke8 57. Qd2 Kd8 58. Qc2 Kc8 59. Qd2 Kb8 60. Qc2 Ka8 61. Qd2 h4
62. gxh4 Rxh4 63. g3 Rh3 64. Kg2 Qe7 65. Rh1 Rxh1 66. Kxh1 Qf8 67. Kg1 Qh6 68.
Qf2 Kb8 69. Qf4 Qh3 70. Qf2 Qh6 71. Qf4 Qh5 72. Qf2 Qh6 73. Qf4 Qg7 74. Qf2
1/2-1/2

[Event "Manchester November WGM Norm"]
[Site "Manchester, NH"]
[Date "2015.11.19"]
[Round "2"]
[White "Tsatsalashvili, Keti"]
[Black "Benderac, Ana"]
[Result "1-0"]
[WhiteElo "2240"]
[BlackElo "2235"]
[PlyCount "71"]
[EventDate "2015.11.19"]
[EventType "tourn"]
[EventRounds "10"]
[EventCountry "USA"]

1. d4 d5 2. Nf3 Nf6 3. g3 Bf5 4. c4 dxc4 5. Bg2 c6 6. Ne5 Be4 7. f3 Bxb1 8.
Rxb1 Qa5+ 9. Bd2 Qxa2 10. Qc1 Qb3 11. Nxc4 e6 12. O-O Be7 13. Ra1 b6 14. f4 O-O
15. Rf3 Qb5 16. Qc2 Nbd7 17. Rb3 Qh5 18. e4 c5 19. e5 Nd5 20. g4 Qg6 21. Qd1 f5
22. gxf5 Rxf5 23. Rg3 Qf7 24. Ne3 Nxe3 25. Bxe3 Rd8 26. d5 Nf8 27. d6 Bh4 28.
Rg4 Ng6 29. Qa4 h5 30. Rxg6 Qxg6 31. Kh1 Qg4 32. Qb3 c4 33. Qxc4 Rxe5 34. h3
Qg3 35. fxe5 Qxe3 36. Qxh4 1-0

[Event "Manchester November WGM Norm"]
[Site "Manchester, NH"]
[Date "2015.11.19"]
[Round "2"]
[White "Gorti, Akshita"]
[Black "Vigoa Apecheche, Yanira"]
[Result "0-1"]
[WhiteElo "2186"]
[BlackElo "2245"]
[PlyCount "168"]
[EventDate "2015.11.19"]
[EventType "tourn"]
[EventRounds "10"]
[EventCountry "USA"]

1. d4 Nf6 2. c4 c5 3. d5 b5 4. cxb5 a6 5. bxa6 g6 6. Nc3 Bg7 7. e4 O-O 8. Nf3
Qa5 9. Bd2 Bxa6 10. Be2 Bxe2 11. Qxe2 Qa6 12. a4 e6 13. d6 Nc6 14. Nb5 Na7 15.
Nc3 Qxe2+ 16. Kxe2 Nc6 17. Be3 Rfb8 18. Rab1 Ra5 19. Nd2 Ng4 20. Nc4 Bxc3 21.
Nxa5 Bxa5 22. Bxc5 Rb3 23. f4 Nf6 24. e5 Nd5 25. g3 f6 26. exf6 Kf7 27. Rhd1
Bb4 28. Rdc1 Kxf6 29. Kf2 Ba5 30. Kg2 h5 31. Bf2 Kf7 32. Bc5 Bd8 33. Rc2 Bf6
34. Ra1 Na5 35. Ra2 h4 36. Kf2 Nb7 37. Kg2 h3+ 38. Kf1 Bd8 39. Rc4 Ba5 40. Rc2
Nxc5 41. Rxc5 Bb6 42. Rb5 Rf3+ 43. Ke1 Rxg3 44. a5 Rg1+ 45. Ke2 Rg2+ 46. Kd3
Bg1 47. a6 Rxh2 48. a7 Bxa7 49. Rxa7 Nf6 50. Ra1 Rg2 51. Kd4 h2 52. Rh1 Ng4 53.
Rb7 Rd2+ 54. Kc4 Rxd6 55. Rb3 Kf6 56. Rg3 Kf5 57. Rxg4 Kxg4 58. Rxh2 Kxf4 59.
b4 Rc6+ 60. Kd4 d6 61. Rf2+ Kg5 62. Rg2+ Kf6 63. Rf2+ Kg7 64. Rg2 Kf6 65. Rf2+
Ke7 66. Rg2 d5 67. b5 Rc4+ 68. Kd3 Rb4 69. Rxg6 Rxb5 70. Kd4 Kd6 71. Rh6 Rb4+
72. Kd3 Rf4 73. Ke3 Ra4 74. Kd3 Ra3+ 75. Kd4 Rg3 76. Rf6 Rg4+ 77. Kd3 Ke5 78.
Rh6 Rg3+ 79. Kd2 d4 80. Rh4 Kd5 81. Rh5+ e5 82. Rh4 e4 83. Rh8 Rg2+ 84. Kd1 e3
0-1

[Event "Manchester November WGM Norm"]
[Site "Manchester, NH"]
[Date "2015.11.20"]
[Round "3"]
[White "Tilenbaeva, Janyl"]
[Black "Benderac, Ana"]
[Result "0-1"]
[WhiteElo "2018"]
[BlackElo "2235"]
[PlyCount "80"]
[EventDate "2015.11.19"]
[EventType "tourn"]
[EventRounds "10"]
[EventCountry "USA"]

1. e4 c5 2. Nf3 d6 3. c4 Nf6 4. Nc3 e6 5. Be2 Be7 6. O-O Nbd7 7. a3 O-O 8. b4
b6 9. b5 Bb7 10. d3 d5 11. Qc2 Qc7 12. a4 d4 13. Nb1 Ne8 14. a5 Rd8 15. axb6
axb6 16. Ng5 e5 17. f4 exf4 18. Bxf4 Bd6 19. Bxd6 Nxd6 20. Nd2 Ne5 21. Ra7 Nc8
22. Ra2 Rd6 23. Rf4 Rh6 24. g3 Qe7 25. h4 f6 26. Ngf3 Ng6 27. Rf5 Nd6 28. Rd5
Bxd5 29. cxd5 Ne5 30. Qa4 f5 31. Qa6 fxe4 32. dxe4 d3 33. Bd1 Nxe4 34. Nxe4
Nxf3+ 35. Bxf3 Rxf3 36. Qc8+ Rf8 37. Qg4 Rg6 38. Ng5 d2 39. Qh5 Qe1+ 40. Kh2
Rf2+ 0-1

[Event "Manchester November WGM Norm"]
[Site "Manchester, NH"]
[Date "2015.11.20"]
[Round "3"]
[White "Vigoa Apecheche, Yanira"]
[Black "Ghaderpour, Shayesteh"]
[Result "1/2-1/2"]
[WhiteElo "2245"]
[BlackElo "2198"]
[PlyCount "113"]
[EventDate "2015.11.19"]
[EventType "tourn"]
[EventRounds "10"]
[EventCountry "USA"]

1. d4 Nf6 2. Bg5 e6 3. Nd2 c5 4. e3 b6 5. Ngf3 Be7 6. Bd3 cxd4 7. exd4 Bb7 8.
c3 d6 9. Qe2 a6 10. a4 Nbd7 11. O-O O-O 12. Rfe1 Re8 13. Bh4 Nf8 14. Bxf6 Bxf6
15. Be4 Qc7 16. Bxb7 Qxb7 17. Ne4 Be7 18. Ng3 b5 19. axb5 axb5 20. b3 Nd7 21.
h3 Bf8 22. Qd3 g6 23. c4 bxc4 24. bxc4 Rxa1 25. Rxa1 Rc8 26. Nd2 Bg7 27. Ra2
Qb6 28. Ne2 Qb4 29. Qa3 Qxa3 30. Rxa3 Nb6 31. Ra6 Nxc4 32. Nxc4 Rxc4 33. Rxd6
Kf8 34. Rd7 Ke8 35. Rb7 Bxd4 36. Rb8+ Ke7 37. Rb7+ Kf6 38. Nxd4 Rxd4 39. g3 Rd2
40. Kg2 Ra2 41. h4 h5 42. Kf3 e5 43. Ke3 Ra3+ 44. Ke2 Ra6 45. Ke3 Ke6 46. Rb5
f5 47. Kf3 Kf6 48. Rc5 Re6 49. Kg2 g5 50. hxg5+ Kxg5 51. Rxe5 Rxe5 52. f4+ Kf6
53. fxe5+ Kxe5 54. Kf3 Kf6 55. Ke2 Kg6 56. Kf2 Kg5 57. Kf3 1/2-1/2

[Event "Manchester November WGM Norm"]
[Site "Manchester, NH"]
[Date "2015.11.20"]
[Round "3"]
[White "Gorti, Akshita"]
[Black "Tsatsalashvili, Keti"]
[Result "1-0"]
[WhiteElo "2186"]
[BlackElo "2240"]
[PlyCount "153"]
[EventDate "2015.11.19"]
[EventType "tourn"]
[EventRounds "10"]
[EventCountry "USA"]

1. d4 Nf6 2. c4 e6 3. Nf3 d5 4. Nc3 Bb4 5. cxd5 exd5 6. Bg5 h6 7. Bxf6 Qxf6 8.
Qa4+ Nc6 9. e3 O-O 10. Be2 Be6 11. O-O a6 12. Rfc1 Rfd8 13. a3 Bd6 14. b4 g5
15. g3 g4 16. Ne1 h5 17. Qd1 Kg7 18. Na4 Rh8 19. Nc5 Bxc5 20. Rxc5 Rh6 21. Ng2
Rah8 22. Nh4 Ne7 23. Rxc7 Nf5 24. Nxf5+ Bxf5 25. Ra2 Qe6 26. Bd3 Bxd3 27. Qxd3
h4 28. Rcc2 Rf6 29. Re2 Rf3 30. Qc2 Rc8 31. Qd2 Qe4 32. Qe1 Rf6 33. Ra1 b5 34.
gxh4 Rh8 35. Qf1 Rxh4 36. Qg2 Qf3 37. Rc2 Rh3 38. Rac1 Rfh6 39. Re1 Qxg2+ 40.
Kxg2 Rxh2+ 41. Kg3 Kg6 42. Kxg4 R6h5 43. Kf3 Rf5+ 44. Kg3 Rfh5 45. Rg1 R5h3+
46. Kf4+ Kf6 47. Rf1 Rh4+ 48. Kf3 Kf5 49. Rg1 Rh6 50. Rc5 Rf6 51. Ke2 Rd6 52.
Rgc1 Rhh6 53. Rc7 Rhf6 54. Re7 Kg6 55. Re5 Rd8 56. Rg1+ Kh6 57. Reg5 Rc8 58.
Rxd5 Rc2+ 59. Kd3 Rcxf2 60. Rc5 Ra2 61. Rc3 a5 62. bxa5 Ra6 63. Rc2 Rxa3+ 64.
Ke4 Rg6 65. Rxg6+ fxg6 66. d5 Kg5 67. Rf2 Rxa5 68. d6 Ra8 69. Kd5 b4 70. d7 b3
71. Kd6 Kg4 72. e4 Kg3 73. Rf1 b2 74. Ke7 Ra1 75. d8=Q Rxf1 76. Qb8+ Rf4 77. e5
1-0

[Event "Manchester November WGM Norm"]
[Site "Manchester, NH"]
[Date "2015.11.20"]
[Round "4"]
[White "Vigoa Apecheche, Yanira"]
[Black "Tilenbaeva, Janyl"]
[Result "1-0"]
[WhiteElo "2245"]
[BlackElo "2018"]
[PlyCount "73"]
[EventDate "2015.11.19"]
[EventType "tourn"]
[EventRounds "10"]
[EventCountry "USA"]

1. d4 d5 2. Bg5 h6 3. Bh4 Nf6 4. Bxf6 exf6 5. e3 Be7 6. c4 dxc4 7. Bxc4 O-O 8.
Nc3 c5 9. dxc5 Qxd1+ 10. Rxd1 Bxc5 11. Nd5 Nc6 12. a3 a5 13. Ne2 Bg4 14. h3
Bxe2 15. Bxe2 Rad8 16. O-O Ne7 17. Nc3 Nc6 18. g3 Rxd1 19. Rxd1 Rd8 20. Rxd8+
Nxd8 21. Bf3 Kf8 22. Kf1 f5 23. Ke2 Ke8 24. Kd3 Kd7 25. Kc4 Bd6 26. Kb5 Nc6 27.
Bxc6+ bxc6+ 28. Kxa5 g5 29. Kb6 f4 30. exf4 gxf4 31. gxf4 Bxf4 32. a4 Bc7+ 33.
Kb7 Ba5 34. Ne4 Bb4 35. Kb6 f5 36. Nc5+ Kd6 37. Nd3 1-0

[Event "Manchester November WGM Norm"]
[Site "Manchester, NH"]
[Date "2015.11.20"]
[Round "4"]
[White "Ghaderpour, Shayesteh"]
[Black "Tsatsalashvili, Keti"]
[Result "0-1"]
[WhiteElo "2198"]
[BlackElo "2240"]
[PlyCount "52"]
[EventDate "2015.11.19"]
[EventType "tourn"]
[EventRounds "10"]
[EventCountry "USA"]

1. e4 c5 2. Nf3 d6 3. Bb5+ Nd7 4. O-O a6 5. Bd3 b5 6. c4 Rb8 7. Re1 g6 8. cxb5
axb5 9. a4 bxa4 10. Bc4 e5 11. Nc3 Bg7 12. d3 h6 13. Bd2 Ne7 14. Qc1 Nb6 15.
Nxa4 Nxc4 16. dxc4 Be6 17. Rd1 Qc7 18. Be3 Nc6 19. Ne1 g5 20. Nd3 O-O 21. Ra3
Na5 22. Naxc5 dxc5 23. Nxc5 Bc8 24. b4 Rxb4 25. Qc3 Nc6 26. Ra8 Rb8 0-1

[Event "Manchester November WGM Norm"]
[Site "Manchester, NH"]
[Date "2015.11.20"]
[Round "4"]
[White "Gorti, Akshita"]
[Black "Benderac, Ana"]
[Result "1/2-1/2"]
[WhiteElo "2186"]
[BlackElo "2235"]
[PlyCount "80"]
[EventDate "2015.11.19"]
[EventType "tourn"]
[EventRounds "10"]
[EventCountry "USA"]

1. d4 Nf6 2. c4 e6 3. Nf3 d5 4. Nc3 c6 5. Qd3 Nbd7 6. g3 Bd6 7. Bg2 O-O 8. O-O
h6 9. Rd1 Qe7 10. b3 dxc4 11. bxc4 e5 12. dxe5 Bxe5 13. Nxe5 Nxe5 14. Qd4 Bf5
15. Bf4 Rfe8 16. Rac1 g5 17. Bxe5 Qxe5 18. Qd2 Re7 19. Qd6 Kg7 20. Qb4 Rae8 21.
a4 Ne4 22. Nxe4 Bxe4 23. Bxe4 Qxe4 24. e3 Qf3 25. Qc5 Re5 26. Qxa7 c5 27. Rb1
R8e7 28. Qa5 h5 29. Qe1 h4 30. Qf1 g4 31. gxh4 Rh5 32. Qg2 Rxh4 33. Rd5 f6 34.
Qg3 Rh3 35. Qd6 Rxe3 36. Qc7+ Kg6 37. Qd8 Qe4 38. Qg8+ Kh6 39. Qh8+ Kg6 40.
Qg8+ Kh6 1/2-1/2

[Event "Manchester November WGM Norm"]
[Site "Manchester, NH"]
[Date "2015.11.21"]
[Round "5"]
[White "Benderac, Ana"]
[Black "Ghaderpour, Shayesteh"]
[Result "1/2-1/2"]
[WhiteElo "2235"]
[BlackElo "2198"]
[PlyCount "94"]
[EventDate "2015.11.19"]
[EventType "tourn"]
[EventRounds "10"]
[EventCountry "USA"]

1. d4 Nf6 2. Nf3 e6 3. e3 Be7 4. Bd3 c5 5. O-O O-O 6. Nbd2 b6 7. b3 Ba6 8. c4
Nc6 9. Bb2 cxd4 10. exd4 d5 11. Rc1 Rc8 12. Ne5 dxc4 13. Nxc6 Rxc6 14. bxc4 Qc8
15. Qe2 Rc7 16. Ne4 Nxe4 17. Qxe4 f5 18. Qe2 Bf6 19. Rfe1 Rd8 20. Qxe6+ Qxe6
21. Rxe6 Bxd4 22. Bxd4 Rxd4 23. Bxf5 Bxc4 24. f3 Rc5 25. Re8+ Kf7 26. Re4 Rxe4
27. Bxe4 Bxa2 28. Ra1 Bd5 29. Rxa7+ Kf6 30. Bxd5 Rxd5 31. Rb7 Rb5 32. Kf2 Rb2+
33. Kg3 h6 34. Rb8 b5 35. Rb6+ Kf7 36. Rb7+ Kg8 37. h4 b4 38. h5 b3 39. Kh3 Rb1
40. Kg4 Rg1 41. g3 Rb1 42. Kf5 Kh7 43. g4 Rb2 44. f4 Rb1 45. Rb4 Rb2 46. Rb6
Rb1 47. Rb7 Rb2 1/2-1/2

[Event "Manchester November WGM Norm"]
[Site "Manchester, NH"]
[Date "2015.11.21"]
[Round "5"]
[White "Tilenbaeva, Janyl"]
[Black "Gorti, Akshita"]
[Result "0-1"]
[WhiteElo "2018"]
[BlackElo "2186"]
[PlyCount "82"]
[EventDate "2015.11.19"]
[EventType "tourn"]
[EventRounds "10"]
[EventCountry "USA"]

1. e4 e6 2. d4 d5 3. Nd2 Nf6 4. e5 Nfd7 5. Ndf3 c5 6. c3 Nc6 7. h4 Qa5 8. Bd2
Qb6 9. Ne2 Qxb2 10. Qb1 Qxb1+ 11. Rxb1 b6 12. Nf4 Be7 13. g4 h6 14. Bb5 Bb7 15.
Ke2 g6 16. c4 dxc4 17. d5 exd5 18. e6 fxe6 19. Nxg6 Rh7 20. g5 O-O-O 21. gxh6
Bf6 22. Rhg1 Nd4+ 23. Nxd4 Bxd4 24. Bg5 Nf6 25. Ba4 Ne4 26. Bxd8 Nc3+ 27. Ke1
Kxd8 28. Bc2 Rxh6 29. Rg4 Nxb1 30. Bxb1 e5 31. f4 e4 32. Bc2 Bf6 33. f5 Bc8 34.
Rf4 Rh5 35. Bd1 Rxf5 36. h5 Rxf4 37. Nxf4 d4 38. h6 Bf5 39. Bh5 c3 40. Ng6 d3
41. h7 c2 0-1

[Event "Manchester November WGM Norm"]
[Site "Manchester, NH"]
[Date "2015.11.21"]
[Round "5"]
[White "Tsatsalashvili, Keti"]
[Black "Vigoa Apecheche, Yanira"]
[Result "1-0"]
[WhiteElo "2240"]
[BlackElo "2245"]
[PlyCount "87"]
[EventDate "2015.11.19"]
[EventType "tourn"]
[EventRounds "10"]
[EventCountry "USA"]

1. d4 Nf6 2. Nf3 g6 3. c4 c5 4. d5 b5 5. cxb5 a6 6. b6 d6 7. Nc3 Nbd7 8. a4
Qxb6 9. a5 Qc7 10. e4 Bg7 11. h3 Rb8 12. Be2 O-O 13. O-O Rb4 14. Qc2 e6 15.
dxe6 fxe6 16. Rd1 Ne8 17. Na4 Ne5 18. Bd2 Nxf3+ 19. Bxf3 Rb5 20. Rab1 Qf7 21.
b4 cxb4 22. Bxb4 Bb7 23. Nb6 Qe7 24. Qd3 Kh8 25. Nc4 Rxb4 26. Rxb4 d5 27. Rxb7
Qxb7 28. exd5 exd5 29. Bxd5 Qb4 30. Bf3 Qc5 31. Qd5 Qxd5 32. Rxd5 Nc7 33. Rd6
Ba1 34. Rc6 Rf7 35. Nd6 Re7 36. g3 Bd4 37. Kg2 h6 38. h4 Ba1 39. h5 Be5 40. Nc4
Bg7 41. hxg6 Kg8 42. Ne3 Kf8 43. Be2 Be5 44. Bxa6 1-0

[Event "Manchester November WGM Norm"]
[Site "Manchester, NH"]
[Date "2015.11.21"]
[Round "6"]
[White "Ghaderpour, Shayesteh"]
[Black "Tilenbaeva, Janyl"]
[Result "1-0"]
[WhiteElo "2198"]
[BlackElo "2018"]
[PlyCount "107"]
[EventDate "2015.11.19"]
[EventType "tourn"]
[EventRounds "10"]
[EventCountry "USA"]
[WhiteClock "0:54:36"]
[BlackClock "0:41:06"]

1. e4 c6 2. d4 d5 3. Nd2 dxe4 4. Nxe4 h6 5. Ng3 Nf6 6. Bc4 e6 7. Nf3 Bd6 8. O-O
Nbd7 9. Bb3 Nf8 10. Qe2 Ng6 11. Ne5 Ne7 12. Qf3 Qc7 13. Nc4 Ned5 14. Nxd6+ Qxd6
15. c4 Ne7 16. Rd1 a5 17. Bf4 Qd7 18. Be5 Ng6 19. Bxf6 gxf6 20. Nh5 Qe7 21.
Nxf6+ Kf8 22. Bc2 Nh4 23. Qf4 Nf5 24. Ne4 b6 25. Qe5 Rg8 26. Nf6 Rg7 27. Nh5
Rg8 28. Bxf5 exf5 29. Qf4 Rg6 30. Rac1 Qe4 31. Qxe4 fxe4 32. Ng3 f5 33. d5 Ra7
34. Nh5 Rc7 35. Nf4 Rg4 36. g3 Ke8 37. b3 Rcg7 38. Kf1 Rc7 39. Ke2 Rgg7 40. Ke3
Rgf7 41. d6 Ra7 42. c5 b5 43. Ng6 Rf6 44. Ne5 Bd7 45. Kf4 a4 46. b4 Ra6 47. a3
Kd8 48. f3 exf3 49. Nxf3 Ra7 50. Ne5 Be8 51. Rc3 Rg7 52. d7 Bxd7 53. Rcd3 Rg4+
54. Kf3 1-0

[Event "Manchester November WGM Norm"]
[Site "Manchester, NH"]
[Date "2015.11.21"]
[Round "6"]
[White "Vigoa Apecheche, Yanira"]
[Black "Gorti, Akshita"]
[Result "0-1"]
[WhiteElo "2245"]
[BlackElo "2186"]
[PlyCount "126"]
[EventDate "2015.11.19"]
[EventType "tourn"]
[EventRounds "10"]
[EventCountry "USA"]
[WhiteClock "0:35:34"]
[BlackClock "0:11:52"]

1. d4 e6 2. Nf3 Nf6 3. g3 b6 4. Bg2 Bb7 5. O-O Be7 6. c4 O-O 7. Nc3 Ne4 8. Qc2
Nxc3 9. bxc3 f5 10. d5 Na6 11. e4 fxe4 12. Qxe4 Nc5 13. Qc2 Rb8 14. h4 Ba6 15.
Ng5 Bxg5 16. Bxg5 Qe8 17. dxe6 dxe6 18. Be3 Bxc4 19. Bxc5 bxc5 20. Rfe1 Qh5 21.
f4 Rbd8 22. Re3 Rd6 23. Rae1 Rfd8 24. Re5 Qf7 25. Qa4 Ba6 26. Rxc5 Qg6 27. Rg5
Qd3 28. Qa5 h6 29. Rge5 Qxg3 30. R5e3 Qxf4 31. Qxc7 Qxh4 32. Re4 Qg5 33. Re5
Qf6 34. Qxa7 Bc4 35. a4 Qg6 36. Kh1 Rd2 37. Qb7 Qg3 38. R5e3 Qh4+ 39. Kg1 Rd1
40. Qe4 Qg5 41. Qe5 Rxe1+ 42. Rxe1 Qxe5 43. Rxe5 Rd1+ 44. Kf2 Ra1 45. a5 Ra2+
46. Kg1 Kf7 47. Bb7 g5 48. Rc5 Bd3 49. Bc8 Kf6 50. Rc6 Rxa5 51. Rxe6+ Kg7 52.
Re7+ Kg6 53. Re6+ Kh5 54. Rd6 Bf5 55. Ba6 g4 56. Be2 Kg5 57. Ra6 Rc5 58. c4 h5
59. Rb6 h4 60. Rb5 Rxb5 61. cxb5 h3 62. b6 Be4 63. Kh2 Kh4 0-1

[Event "Manchester November WGM Norm"]
[Site "Manchester, NH"]
[Date "2015.11.21"]
[Round "6"]
[White "Benderac, Ana"]
[Black "Tsatsalashvili, Keti"]
[Result "1/2-1/2"]
[WhiteElo "2235"]
[BlackElo "2240"]
[PlyCount "155"]
[EventDate "2015.11.19"]
[EventType "tourn"]
[EventRounds "10"]
[EventCountry "USA"]
[WhiteClock "0:12:43"]
[BlackClock "0:11:18"]

1. d4 Nf6 2. Nf3 e6 3. Bg5 c5 4. e3 Qb6 5. Qc1 Nc6 6. c3 Be7 7. Nbd2 d5 8. Bd3
Bd7 9. Ne5 cxd4 10. Bxf6 gxf6 11. Nxd7 Kxd7 12. exd4 Rag8 13. O-O Rg7 14. Re1
Bd6 15. Nf3 Rhg8 16. Bf1 Kc8 17. b4 Qc7 18. Qd1 Rg6 19. Kh1 Rh6 20. h3 Be7 21.
Qd2 Rhg6 22. a3 Qd6 23. Rac1 Bf8 24. Rc2 Kb8 25. c4 Bh6 26. Qd3 dxc4 27. Rxc4
Rd8 28. Qc2 Ne7 29. Bd3 Rg7 30. Rc5 f5 31. Rd1 Nd5 32. Bf1 f6 33. Nd2 Rc7 34.
Nc4 Qf4 35. Kg1 Bf8 36. g3 Qg5 37. Rxc7 Nxc7 38. Bg2 Nd5 39. Qe2 Nc3 40. Qf3
Ne4 41. Nd2 Rxd4 42. Nxe4 fxe4 43. Qe2 Rxd1+ 44. Qxd1 Qd5 45. Qg4 f5 46. Qg8
Qd6 47. Qxh7 a6 48. Qf7 Be7 49. h4 Bd8 50. h5 Bb6 51. Kh2 Bxf2 52. Qg8+ Ka7 53.
h6 Bd4 54. h7 Qe5 55. a4 Qf6 56. h8=Q Qxh8+ 57. Qxh8 Bxh8 58. Bf1 Bc3 59. b5 a5
60. Bc4 e5 61. Kg2 Kb6 62. Be6 Kc5 63. Bxf5 Kb4 64. Bxe4 Kxa4 65. Bxb7 Kxb5 66.
Kf3 Kc5 67. Ke4 Kd6 68. Bd5 Bd2 69. Ba2 Bh6 70. g4 a4 71. Bb1 Bg7 72. g5 Bh8
73. Bc2 a3 74. Bb3 Kc5 75. Kd3 Kb4 76. Ba2 Kc5 77. Bb3 Kd6 78. Ke4 1/2-1/2

[Event "Manchester November WGM Norm"]
[Site "Manchester, NH"]
[Date "2015.11.22"]
[Round "7"]
[White "Gorti, Akshita"]
[Black "Ghaderpour, Shayesteh"]
[Result "1-0"]
[WhiteElo "2186"]
[BlackElo "2198"]
[PlyCount "57"]
[EventDate "2015.11.19"]
[EventType "tourn"]
[EventRounds "10"]
[EventCountry "USA"]
[WhiteClock "0:06:52"]
[BlackClock "0:00:47"]

1. d4 Nf6 2. c4 e6 3. Nf3 Bb4+ 4. Nbd2 b6 5. a3 Be7 6. e4 d5 7. cxd5 exd5 8. e5
Nfd7 9. Bd3 O-O 10. h4 g6 11. h5 Re8 12. Qc2 Nf8 13. b4 c5 14. bxc5 bxc5 15.
dxc5 Ba6 16. hxg6 fxg6 17. O-O Bxc5 18. Nb3 Be7 19. Nbd4 Qc8 20. Qe2 Bxd3 21.
Qxd3 Qc4 22. Qd2 Nbd7 23. e6 Nc5 24. Ne5 Qa6 25. Qf4 Ncxe6 26. Qf7+ Kh8 27. Bb2
Ng7 28. Ng4 Qb6 29. Nh6 1-0

[Event "Manchester November WGM Norm"]
[Site "Manchester, NH"]
[Date "2015.11.22"]
[Round "7"]
[White "Tilenbaeva, Janyl"]
[Black "Tsatsalashvili, Keti"]
[Result "1-0"]
[WhiteElo "2018"]
[BlackElo "2240"]
[PlyCount "109"]
[EventDate "2015.11.19"]
[EventType "tourn"]
[EventRounds "10"]
[EventCountry "USA"]

1. e4 c5 2. Nf3 d6 3. d4 cxd4 4. Nxd4 Nf6 5. Nc3 Nc6 6. Be2 e5 7. Nf3 h6 8. O-O
Be7 9. Re1 O-O 10. Bf1 Be6 11. Nd5 Qd7 12. c4 Bd8 13. b3 Nh7 14. Bb2 Ng5 15.
Nxg5 Bxg5 16. Qd3 f5 17. Rad1 Rad8 18. b4 Qf7 19. f3 fxe4 20. Qxe4 Bf5 21. Qe2
Rfe8 22. Qf2 Be6 23. b5 Bxd5 24. cxd5 Ne7 25. Qxa7 Nf5 26. Qa3 Qc7 27. Bc1 Qb6+
28. Kh1 Bh4 29. Re4 Bf2 30. Qd3 Rf8 31. a4 Qc7 32. Rg4 Bd4 33. Bd2 Rc8 34. a5
Qf7 35. Qb3 Qh5 36. Bd3 e4 37. Bxe4 Be5 38. h3 Ng3+ 39. Kg1 Ne2+ 40. Kf1 Ng3+
41. Ke1 Rf6 42. a6 bxa6 43. bxa6 Qe8 44. Qb7 Rf7 45. Qb1 h5 46. Rg6 Re7 47. Re6
Rxe6 48. dxe6 Qxe6 49. Be3 Kh8 50. Bd5 Qe7 51. Qb7 Rc2 52. Qa8+ Kh7 53. Be4+ g6
54. Bxc2 Bf4 55. Qb7 1-0

[Event "Manchester November WGM Norm"]
[Site "Manchester, NH"]
[Date "2015.11.22"]
[Round "7"]
[White "Vigoa Apecheche, Yanira"]
[Black "Benderac, Ana"]
[Result "0-1"]
[WhiteElo "2245"]
[BlackElo "2235"]
[PlyCount "98"]
[EventDate "2015.11.19"]
[EventType "tourn"]
[EventRounds "10"]
[EventCountry "USA"]

1. d4 Nf6 2. Bg5 e6 3. e4 c5 4. Bxf6 gxf6 5. dxc5 Bxc5 6. Qd2 b6 7. Nc3 Bb7 8.
a3 Nc6 9. Nf3 Ne5 10. Nd4 Rg8 11. Nb3 Bf8 12. f4 Bh6 13. O-O-O a6 14. Kb1 Qc7
15. g3 Rd8 16. Qe2 Ng6 17. Bg2 Bxf4 18. gxf4 Nxf4 19. Qe3 Rxg2 20. Nd4 d5 21.
Rhf1 e5 22. Rxf4 exf4 23. Qh3 Rg5 24. exd5 Bxd5 25. Qxh7 Re5 26. Nf5 Qc5 27.
Qh8+ Kd7 28. Qxf6 Kc8 29. Nxd5 Rdxd5 30. Rxd5 Re1+ 31. Ka2 Qxd5+ 32. b3 Qe5 33.
Qc6+ Kd8 34. Qxb6+ Kd7 35. Nd4 f6 36. Qb7+ Ke8 37. Qc8+ Kf7 38. Qd7+ Kg6 39. h4
f3 40. Qg4+ Kh7 41. h5 f2 42. Qg6+ Kh8 43. Qh6+ Kg8 44. Qg6+ Kf8 45. Qh6+ Ke8
46. Qg6+ Kd7 47. Qg7+ Kd6 48. Qf8+ Kd5 49. Qd8+ Ke4 0-1

[Event "Manchester November WGM Norm"]
[Site "Manchester, NH"]
[Date "2015.11.22"]
[Round "8"]
[White "Benderac, Ana"]
[Black "Tilenbaeva, Janyl"]
[Result "1-0"]
[WhiteElo "2235"]
[BlackElo "2018"]
[PlyCount "33"]
[EventDate "2015.11.19"]
[EventType "tourn"]
[EventRounds "10"]
[EventCountry "USA"]

1. d4 d5 2. Nf3 Nf6 3. Bf4 e6 4. e3 Be7 5. Bd3 O-O 6. Nbd2 c5 7. c3 c4 8. Bc2
b5 9. e4 b4 10. e5 bxc3 11. bxc3 Ne8 12. Rb1 Qa5 13. h4 Nc6 14. Ng5 Bxg5 15.
Bxh7+ Kxh7 16. hxg5+ Kg8 17. Qh5 1-0

[Event "Manchester November WGM Norm"]
[Site "Manchester, NH"]
[Date "2015.11.22"]
[Round "8"]
[White "Tsatsalashvili, Keti"]
[Black "Gorti, Akshita"]
[Result "0-1"]
[WhiteElo "2240"]
[BlackElo "2186"]
[PlyCount "54"]
[EventDate "2015.11.19"]
[EventType "tourn"]
[EventRounds "10"]
[EventCountry "USA"]
[WhiteClock "0:34:10"]
[BlackClock "0:16:44"]

1. d4 e6 2. c4 Nf6 3. g3 d5 4. Bg2 dxc4 5. Qa4+ Nbd7 6. Nf3 a6 7. Qxc4 b5 8.
Qc2 Bb7 9. a3 c5 10. O-O Rc8 11. Qd1 cxd4 12. Nxd4 Bxg2 13. Kxg2 Be7 14. Nc3
Qb6 15. f3 O-O 16. Be3 Qb7 17. a4 b4 18. Nb1 Rfd8 19. Nd2 Nc5 20. Bg1 Ng4 21.
h3 Bf6 22. N2b3 Nh6 23. Qb1 Nxb3 24. Nxb3 Qd5 25. Qd1 Qe5 26. Bd4 Qb8 27. f4
Nf5 0-1

[Event "Manchester November WGM Norm"]
[Site "Manchester, NH"]
[Date "2015.11.23"]
[Round "9"]
[White "Gorti, Akshita"]
[Black "Tilenbaeva, Janyl"]
[Result "1-0"]
[WhiteElo "2186"]
[BlackElo "2018"]
[PlyCount "65"]
[EventDate "2015.11.19"]
[EventType "tourn"]
[EventRounds "10"]
[EventCountry "USA"]

1. d4 d5 2. c4 e6 3. Nf3 Nf6 4. Nc3 Be7 5. Bf4 c6 6. e3 O-O 7. Bd3 Nbd7 8. O-O
a6 9. b3 b5 10. Qc2 bxc4 11. bxc4 a5 12. Ne5 Nxe5 13. dxe5 Nh5 14. Bxh7+ Kh8
15. Bd3 dxc4 16. Bxc4 Ba6 17. Bxa6 Rxa6 18. Qe2 Nxf4 19. Qxa6 Bb4 20. exf4 Bxc3
21. Rac1 Bd2 22. Rfd1 Bxc1 23. Rxd8 Rxd8 24. g3 Bd2 25. Qxc6 Bb4 26. Qc7 Rf8
27. Kg2 g6 28. Kf3 Kg7 29. Ke4 Be1 30. a3 Rh8 31. h4 Bxf2 32. Kf3 Be1 33. Qc1
1-0